000 00608nam a2200229Ia 4500
003 OSt
005 20221005070154.0
006 a|||||r|||| 00| 0
007 ta
008 221004b |||||||| |||| 00| 0 kan d
024 _a59166
037 _cTextual
040 _aCRL
_cCRL
_bkan
041 _2kan
_akan
082 _aNT.212, 33N0
100 _aRamanath H K Au.
_9605416
245 0 _aKannada rangabhumi vikasa
260 _aMysore
_bAbhinaya prakashana India
_c1990
650 _aTHEATER
942 _hNT.212, 33N0
_cTEXL
_2cc
999 _c975792
_d975792